000 01904nam a2200325 i 4500
001 991061729802506706
003 ES-BaIT
005 20260302080703.0
008 251124e202509 fr r 000 1 fre d
020 _a9782749817026
040 _aES-BaIT
_bcat
_erda
_cES-BaIT
080 _a840-2"19"
100 1 _aGiafferi, Anne
_eautor
_9168754
245 1 0 _aUn Pas de côté /
_cAnne Giafferi
264 1 _aParis :
_bL'avant-scène théâtre,
_cseptembre 2025
300 _a87 pàgines ;
_c21 cm
336 _atext
_btxt
_2rdacontent
337 _asense mediació
_bn
_2rdamedia
338 _avolum
_bnc
_2rdacarrier
490 1 _aL'Avant-scène théâtre ;
_vno 1582
500 _aP8: D3, H5
500 _aPublicat com no 1582 (septembre 2025) de la revista L'Avant-scène théâtre
500 _aEstrena Théâtre de la Renaissance el 18 de setembre de 2025
520 _a"Aux premiers jours du printemps, Catherine et Vincent font connaissance alors qu’ils se disputent le même banc, dans un jardin public. Malgré un début orageux, et bien qu’ils ne soient pas célibataires, ils prennent l’habitude de se retrouver au parc pour échanger, rire et se confier l’un à l’autre.Ces rencontres deviennent une bouffée de fraîcheur et de gaité pour les deux quinquagénaires. Mais à quel moment le charme perd-il son innocence ? Quand on est bien installé dans sa vie, jusqu’où est-on capable de s’aventurer ? Ce banc sera-t-il un tournant sur leur chemin, ou une simple parenthèse ?Scénariste et réalisatrice pour la télévision et le cinéma, Anne Giafferi est notamment la créatrice de la série Fais pas ci, fais pas ça.Un pas de côté est sa première pièce de théâtre. " -- Contracoberta
650 0 _aParelles
_vTextos dramàtics
_9168181
830 _aAvant-scène.
_pThéâtre
_vno 1582
_9168170
908 _aCDMAE
940 _aCDMAE
942 _2udc
_c1
999 _c137171
_d137171